Instituciones internacionales
Bewaard in:
| Hoofdauteur: | |
|---|---|
| Formaat: | Boek |
| Taal: | Spaans |
| Gepubliceerd in: |
Barcelona
Bosch
1959
|
| Onderwerpen: | |
| Tags: |
Voeg label toe
Geen labels, Wees de eerste die dit record labelt!
|
MARC
| LEADER | 00000nam a2200000 a 4500 | ||
|---|---|---|---|
| 001 | UCT9174 | ||
| 003 | CL-VaPUC | ||
| 008 | 970404e19590000SP |||||||||||||||||spa|d | ||
| 082 | 0 | 4 | |a 341.2 |b REU |2 21 |
| 100 | 0 | |a Reuter, Paul |e author |9 381633 | |
| 245 | 1 | 0 | |a Instituciones internacionales |
| 300 | |a 372 p | ||
| 942 | |c BK | ||
| 945 | |d 19970404 00:00:00 |a cmena | ||
| 260 | |a Barcelona |b Bosch |c 1959 | ||
| 600 | 0 | 7 | |a ONU |2 CL-VaPUC |9 338253 |
| 650 | 0 | |a Relaciones Internacionales |9 255740 | |
| 650 | 7 | |a INSTITUCIONES ESPECIALIZADAS DE NACIONES UNIDAS |2 CL-VaPUC |9 381634 | |
| 650 | 0 | |a Aspectos sociales |9 254894 | |
| 650 | 0 | |a Problemas sociales |9 258537 | |
| 650 | 0 | |a Cooperación internacional |9 255447 | |
| 650 | 0 | |a Derecho internacional |9 255637 | |
| 650 | 0 | |a Guerra |9 255876 | |
| 583 | |a last modification |c 19970404 00:00:00 |k Rodrigo Vera | ||
| 999 | |c 257593 |d 257591 | ||
| 952 | |0 0 |1 0 |4 0 |6 341_200000000000000_REU_1959 |7 0 |8 A |9 281132 |a BIBDER |b BIBDER |d 2019-11-19 |i 182371K |o 341.2 REU 1959 |p 182371K |r 2023-01-25 |w 2019-11-19 |y BK |k DER | ||